Science in democracy (Record no. 67474)
[ view plain ]
| 000 -LEADER | |
|---|---|
| fixed length control field | 01344nam a2200337Ia 4500 |
| 100 1# - MAIN ENTRY--AUTHOR NAME | |
| Personal name | Brown, Mark B. |
| 245 10 - TITLE STATEMENT | |
| Title | Science in democracy |
| 260 ## - PUBLICATION, DISTRIBUTION, ETC. (IMPRINT) | |
| Place of publication | Cambridge, MA : |
| Name of publisher | MIT Press, |
| Year of publication | c2009. |
| 300 ## - PHYSICAL DESCRIPTION | |
| Number of Pages | xvi, 354 p. |
| 650 #0 - SUBJECT ADDED ENTRY--TOPICAL TERM | |
| Topical Term | Science |
| Topical Term | Science and state. |
| Topical Term | Science and state |
| Topical Term | Representative government and representation. |
| Topical Term | Democracy. |
| 856 40 - ELECTRONIC LOCATION AND ACCESS | |
| Uniform Resource Identifier | http://site.ebrary.com/lib/rucke/Doc?id=10333722 |
No items available.
